000 01387nam a2200361 c 4500
003 BLK
005 20250127093554.0
008 180409b bul|||||r ||||||| ||bul||
010 _aKNG00116810000
020 _a954-402-069-1
_bиздат.: Петър Берон
040 _aBLK
041 _aBUL
_cBUL
080 _aСоциална география. Икономическа география. География на туризма
_b338:91
_x(497.2)(035)
_z338:91(497.2)(035)
100 1 _aКопралев, Илия
_eпърви автор
_9312191
139 _aКопралев, Илия
_bК 84
245 1 0 _aРайони за планиране, области и общини в България
_bЕнцикл. справочник
_cИлия Копралев.
257 _aBGR
260 София
_bПетър Берон
_c2004
300 _a336 с.
_c24 см
380 _a3
500 _aБиблиогр. с. 334-335
504 _a334-335
650 7 _aИкономическа география - България
_2
_9156891
653 _aикономическа география
653 _aБългария
653 _aсправочници
852 _aЦб 222139
856 4 _qpdf
_u
856 4 _qpdf
_u
942 _cKNG
_n0
_02
944 _aCR
_c04.01.2005
_k30560
_lГеновева Генчева
944 _aED
_c06.01.2005
_k
999 _c111465
_d111465